000 00258nam a2200109Ia 4500
008 190216s9999||||xx |||||||||||||| ||und||
100 _aJain Sp And Narag K L
245 0 _aCost And Management Accounting
260 _bNull
_c2001
300 _a537p
942 _cBK
999 _c6289
_d6289